| 000 | 00932cab a2200325 4500 | ||
|---|---|---|---|
| 001 | WB3110-62 | ||
| 008 | 090401t1995 xxu||||| |||| 00| 0 eng d | ||
| 035 | _a(Sirsi) u22915 | ||
| 041 | _aeng | ||
| 245 | 4 | _aThe Stirling initiative | |
| 260 | _c1995 | ||
| 300 | _aLOAN | ||
| 350 | _a0 | ||
| 490 |
_aScotsman _v6 March 1995, (12) |
||
| 520 | _aReview of the Stirling Initiative; a public/private sector urban development programme to bring property, traffic, pedestrian, business, retail and tourism needs in line with 21st century requirements. | ||
| 650 | _aFORTH VALLEY ENTERPRISE | ||
| 650 | _aHOUSING | ||
| 650 | _aRETAIL | ||
| 650 | _aSCOTLAND | ||
| 650 | _aSTIRLING CASTLE | ||
| 650 | _aSTIRLING INITIATIVE | ||
| 650 | _aSTIRLING | ||
| 650 | _aTOURISM | ||
| 650 | _aTRAFFIC | ||
| 650 | _aTRANSPORT | ||
| 650 | _aURBAN DEVELOPMENT | ||
| 690 | _aURBAN RENEWAL | ||
| 942 | _n0 | ||
| 948 | _c04/03/1997 | ||
| 999 |
_c15364 _d15364 |
||